00597nam a2200169 a 4500008004100000020001500041050001600056100002700072245004700099260002800146300002200174350000900196500012100205650001800326650003300344710005000377120416s1992 ||||||||||||||||| || u a0415061628 aHD 4148 Bee aBeesley, Michael Edwin10aPrivatization, regulation and deregulation aLondonbRoutledgec1992 axii, 375p. : ill. a0.00 a'Published in association with the Institute of Economic Affairs.' -Includes bibliographical references and indexes. 0aPRIVATIZATION aPrivatization--Great Britain aInstitute of Economic Affairs (Great Britain)